00426nam a2200157Ia 450000500170000000800410001702000150005808200190007324500780009226000310017030000120020165000110021365000080022465000120023270000240024420241218061304.0240331s9999 xx 000 0 und d a0942299825 bGIL22254a305 0aThird Sex Third Gender :bBeyond Sexual Dimorphism in Culture and History aNew YorkbZone Booksc1993 a614 p., aGender aSex aHistory aHerdt, Gilberteedt